000 00598nam a2200217 a 4500
999 _c11445
_d11445
001 11445
003 BD-JhCC
005 20221031134023.0
008 190919s ii |||| |||| 000 0 eng d
035 _a(BD-JhCC)11445
040 _aBD-JhCC
_dBD-JhCC
041 _aeng
082 _a153
_bATK
100 _aAtkinson, William Walker
245 _aMemory :
_bhow to develop, train and use IT and practical mental influence /
_cWilliam Walker Atkinson,
260 _aNew Delhi :
_bMG Books,
300 _a144 p. :
_c21 cm.
650 _amemory
650 _aintelligence
942 _2ddc
_cBK
_07